000 00683cam a2200169 a 4500
001 000007742
005 20200929154301.0
008 810805s1958 pr 000 0 spa
040 _aDO-SdBNP
_bspa
_cBNPHU
082 _aPR864.42
_bR666b
100 1 _aRobles de Cardona, Mariana.
_921431
245 1 0 _aBusqueda y plasmación de nuestra personalidad :
_bantología crítica del ensayo puertorriqueño desde sus origenes hasta la generación del 30 /
_cMariana Robles de Cardona.
260 _aSan Juan, Puerto Rico :
_bClub de la Prensa,
_c1958.
300 _a415 p. ;
_c23 cm.
650 4 _aEnsayos puertorriqueños
_98892
650 4 _aLiteratura puertorriqueña
_xBio-bibliography.
_921432
999 _c7520
_d7520